|
|
|
|
| LEADER |
00737cam a2200205 7i4500 |
| 001 |
0000021330 |
| 005 |
20171110090000.0 |
| 008 |
080528 eng |
| 020 |
|
|
|a 9781842654132 (hbk.)
|
| 090 |
0 |
0 |
|a TK454
|b .M33 2007
|
| 100 |
0 |
|
|a M. Abdus Salam
|
| 245 |
1 |
0 |
|a Circuit analysis :
|b M. Abdus Salam.
|
| 260 |
|
|
|a Oxford, U.K.:
|b Alpha Science International Ltd.,
|c 2007.
|
| 300 |
|
|
|a xiv, 509 p.:
|b ill.;
|c 25 cm.
|
| 500 |
|
|
|a Includes index
|
| 650 |
0 |
0 |
|a Electric circuit analysis
|
| 997 |
|
|
|a Engineering & Life Sciences, Faculty
|b Engineering, Department
|
| 998 |
|
|
|a Electrical Engineering, Degree
|
| 998 |
|
|
|a Electrical & Electronic Engineering, Diploma
|
| 999 |
|
|
|a 0000031077
|b BOK
|c OPEN SHELF
|e 2nd Floor, Bestari Jaya
|